Statistics for Top 100 Biggest Cities in Utah

Click here to take the quiz!

General Stats

  • This quiz has been taken 1,214 times
    (1,032 since last reset)
  • The average score is 41 of 100

Answer Stats

#CityPopulation% Correct
1Salt Lake City200,567
100%
3Provo116,618
94%
8Ogden87,773
90%
7St. George89,587
86%
5Orem97,828
80%
4West Jordan116,480
80%
2West Valley City135,248
80%
14Logan51,542
76%
6Sandy96,380
72%
11Lehi69,724
69%
72Park City8,526
67%
10South Jordan76,598
67%
20Spanish Fork40,913
65%
31American Fork33,161
64%
17Draper48,587
63%
9Layton78,014
63%
19Bountiful43,981
62%
90Moab5,336
62%
26Cedar City34,764
59%
44Brigham City19,601
58%
85Nephi6,378
55%
25Tooele36,015
55%
16Murray48,917
54%
39Farmington25,339
52%
38South Salt Lake25,582
52%
46Hurricane19,074
50%
49Heber City17,082
49%
15Herriman51,348
49%
41North Salt Lake20,948
49%
13Taylorsville59,805
48%
63Vernal10,438
48%
18Riverton44,440
47%
43Payson20,303
46%
22Eagle Mountain38,391
44%
12Millcreek61,450
44%
30Saratoga Springs33,282
44%
29Springville33,310
44%
42North Ogden20,582
43%
36Washington29,174
43%
32Kaysville32,390
42%
74Price8,332
42%
37Magna26,949
41%
21Roy39,613
41%
34Syracuse31,458
41%
62Alpine10,498
40%
23Pleasant Grove38,258
40%
28Cottonwood Heights33,843
39%
47Centerville17,587
38%
48South Ogden17,199
38%
93Kanab4,931
37%
58Lindon11,100
37%
33Clearfield32,118
36%
99Manti3,738
36%
27Midvale34,124
36%
66Tremonton9,206
36%
80Ephraim7,308
35%
24Kearns36,330
35%
50Bluffdale16,358
34%
35Holladay30,325
34%
52Santaquin12,865
34%
75Richfield7,888
33%
53Grantsville12,064
31%
45Highland19,175
31%
61Mapleton10,731
31%
97Morgan4,273
30%
70Salem8,621
30%
55Vineyard11,866
30%
91Midway5,280
28%
57North Logan11,237
28%
54Smithfield12,025
28%
56Woods Cross11,431
28%
69Riverdale8,838
26%
40Clinton22,499
25%
71Hyrum8,619
25%
59West Point10,957
25%
81Roosevelt7,233
24%
73Santa Clara8,417
24%
64Cedar Hills10,083
23%
67Ivins9,192
23%
100Blanding3,633
22%
79Farr West7,385
22%
68Hooper9,152
22%
76South Weber7,836
22%
86Fruit Heights6,221
21%
51West Haven16,109
21%
84Harrisville6,872
20%
94Hyde Park4,797
20%
92Perry5,248
20%
60Pleasant View10,839
20%
82Enoch7,180
19%
95La Verkin4,446
19%
87West Bountiful5,800
19%
83Nibley7,135
18%
78Plain City7,669
18%
77Providence7,780
18%
89Sunset5,364
17%
96Elk Ridge4,335
16%
98Wellsville3,941
16%
88White City5,768
16%
65Washington Terrace9,248
14%

Score Distribution

Percentile by Number Answered

Percent of People with Each Score

Your Score History

You have not taken this quiz since the last reset